UBT Library

THE GALE ENCYCLOPEDIA OF MEDICINE (Record no. 59656)

000 -LEADER
fixed length control field 00359nam a22001457a 4500
008 - FIXED-LENGTH DATA ELEMENTS--GENERAL INFORMATION
fixed length control field 230508b ||||| |||| 00| 0 eng d
020 ## - INTERNATIONAL STANDARD BOOK NUMBER
International Standard Book Number 9781414486505
041 ## - LANGUAGE CODE
Language code of text/sound track or separate title eng
080 ## - UNIVERSAL DECIMAL CLASSIFICATION NUMBER
Edition identifier VOLUME 1 ,2,3,4,5,6
Universal Decimal Classification number 030
082 ## - DEWEY DECIMAL CLASSIFICATION NUMBER
Classification number 030 GAL
100 ## - Rafti
Rafti 6
101 ## - Shkurtesa
Shkurtesa ENCI.MJEKSI
245 ## - TITLE STATEMENT
Title THE GALE ENCYCLOPEDIA OF MEDICINE
Statement of responsibility, etc FUNDUKIAN.J.L
942 ## - ADDED ENTRY ELEMENTS (KOHA)
Source of classification or shelving scheme
Item type Books
Holdings
Withdrawn status Lost status Source of classification or shelving scheme Damaged status Not for loan Collection code Permanent location Current location Date acquired Total Checkouts Full call number Barcode Date last seen Price effective from Koha item type
          Koleksioni i përgjithshem UBT - Lipjan UBT - Lipjan 05/08/2023   030 GAL 002-80008087 05/08/2023 05/08/2023 Books
          Koleksioni i përgjithshem UBT - Lipjan UBT - Lipjan 05/08/2023   030 GAL 002-80008088 05/08/2023 05/08/2023 Books
          Koleksioni i përgjithshem UBT - Lipjan UBT - Lipjan 05/08/2023   030 GAL 002-80008089 05/08/2023 05/08/2023 Books
          Koleksioni i përgjithshem UBT - Lipjan UBT - Lipjan 05/08/2023   030 GAL 002-80008090 05/08/2023 05/08/2023 Books
          Koleksioni i përgjithshem UBT - Lipjan UBT - Lipjan 05/08/2023   030 GAL 002-80008091 05/08/2023 05/08/2023 Books
          Koleksioni i përgjithshem UBT - Lipjan UBT - Lipjan 05/08/2023   030 GAL 002-80008092 05/08/2023 05/08/2023 Books
UBT Library © 2015-2024. All rights reserved University Education for Business and Technology